The life and times of Jesus the Messiah / by the Rev. Alfred Edersheim (Record no. 6155)
[ view plain ]
| 000 -LEADER | |
|---|---|
| fixed length control field | 00790nam a2200253 i 4500 |
| 001 - CONTROL NUMBER | |
| control field | 7108656 |
| 003 - CONTROL NUMBER IDENTIFIER | |
| control field | OSt |
| 005 - DATE AND TIME OF LATEST TRANSACTION | |
| control field | 20190405161746.0 |
| 008 - FIXED-LENGTH DATA ELEMENTS--GENERAL INFORMATION | |
| fixed length control field | 810206s1900 nyu 000 0 eng d |
| 040 ## - CATALOGING SOURCE | |
| Transcribing agency | KSU |
| Modifying agency | UtOrBLW |
| 082 ## - DEWEY DECIMAL CLASSIFICATION NUMBER | |
| Classification number | REF 232 |
| Item number | E22L |
| 090 ## - LOCALLY ASSIGNED LC-TYPE CALL NUMBER (OCLC); LOCAL CALL NUMBER (RLIN) | |
| Classification number (OCLC) (R) ; Classification number, CALL (RLIN) (NR) | BT301 |
| Local cutter number (OCLC) ; Book number/undivided call number, CALL (RLIN) | .E3 1900 |
| 100 1# - MAIN ENTRY--PERSONAL NAME | |
| Personal name | Edersheim, Alfred, |
| Dates associated with a name | 1825-1889 |
| 245 14 - TITLE STATEMENT | |
| Title | The life and times of Jesus the Messiah / by the Rev. Alfred Edersheim |
| 250 ## - EDITION STATEMENT | |
| Edition statement | Eighth edition, revised |
| 264 #1 - PRODUCTION, PUBLICATION, DISTRIBUTION, MANUFACTURE, AND COPYRIGHT NOTICE | |
| Place of production, publication, distribution, manufacture | michigan: |
| Name of producer, publisher, distributor, manufacturer | Eerdmans Publishing HOuse: |
| Date of production, publication, distribution, manufacture, or copyright notice | c.1969 |
| 300 ## - PHYSICAL DESCRIPTION | |
| Extent | 2 volumes ;695p.;vol.1 |
| Dimensions | 23 cm |
| 336 ## - CONTENT TYPE | |
| Content type term | text |
| Content type code | txt |
| Source | rdacontent |
| 337 ## - MEDIA TYPE | |
| Media type term | unmediated |
| Media type code | n |
| Source | rdamedia |
| 338 ## - CARRIER TYPE | |
| Carrier type term | volume |
| Carrier type code | nc |
| Source | rdacarrier |
| 504 ## - BIBLIOGRAPHY, ETC. NOTE | |
| Bibliography, etc. note | "List of authorities" volume 1, pages [xxi]-xxvi |
| 600 00 - SUBJECT ADDED ENTRY--PERSONAL NAME | |
| Personal name | Jesus Christ |
| Form subdivision | Biography |
| 942 ## - ADDED ENTRY ELEMENTS (KOHA) | |
| Source of classification or shelving scheme | Dewey Decimal Classification |
| Koha item type | Reference |
| Withdrawn status | Lost status | Source of classification or shelving scheme | Damaged status | Not for loan | Collection code | Home library | Current library | Shelving location | Date acquired | Cost, normal purchase price | Serial Enumeration / chronology | Total Checkouts | Full call number | Barcode | Date last seen | Price effective from | Koha item type |
|---|---|---|---|---|---|---|---|---|---|---|---|---|---|---|---|---|---|
| Dewey Decimal Classification | Not For Loan | Reference | Harvest Mission College | Harvest Mission College | Reference | 15.01.2019 | 500.00 | volume 1 | REF 232 E22L | 007113 | 15.01.2019 | 15.01.2019 | Reference | ||||
| Dewey Decimal Classification | Not For Loan | Reference | Harvest Mission College | Harvest Mission College | Reference | 15.01.2019 | 500.00 | volume 2 | REF 232 E22L | 007114 | 15.01.2019 | 15.01.2019 | Reference |
